000 01183nam a2200277 4500
003 EG-GICUC
005 20260121101341.0
008 251125s1956 ua ||||fr|||| 00| 0 ara d
040 _a EG-GICUC
_bara
_c EG-GICUC
_d EG-GICUC
_erda
041 0 _aara
082 0 4 _221
_a341.8
_bم ح . م
092 0 4 _221
099 _aLaw1 12 341.81 ج ا . م 1956
100 0 _aجابر جاد عبد الرحمن
_eمؤلف.
245 1 0 _aمبادئ القانون الدولي الخاص :
_bمجموعة محاضرات في المنظمة العامة في الفانون الدولي الخاص -الجنسية-الموطن-مركز الاجانب-تنازع الهيئات والاختصاص /
_cجابر جاد عبد الرحمن.
264 3 _aالقاهرة:
_bالمطبعة العالمية،
_c1956.
300 _a صفحة؛ 646
_c24 سم
336 _2rda content
_atext
337 _2rda media
_aComputer
338 _2rda carrier
_aOnline Resource
546 _aالنص باللغة العربية
650 1 _aالقانون الدولى الخاص
856 4 0 _uhttps://fll.law.cu.edu.eg/fulltext/bks/B12-01488.pdf
905 _a59
_eHassnaa
942 _2ddc
_n0
_cBK
_e21
999 _c45834
_d45834